[Event "Mittelfrankenliga 05/06 (B1)"]
[Site "Mfr.2005/06-R4"]
[Date "2006.01.15"]
[Round "4.7"]
[White "Habermann, Horst"]
[Black "Stoessel, Horst"]
[Result "0-1"]
[WhiteElo "1832"]
[BlackElo "2053"]
[Annotator "SW Nbg.2-Herzogenaurach1"]
[PlyCount "88"]
[EventDate "2006.01.15"]
[SourceDate "2005.10.17"]

1. e4 g6 2. d4 c6 3. Nf3 Bg7 4. c3 d5 5. e5 Bf5 6. Qb3 Qb6 7. Qxb6 axb6 8. Nbd2
b5 9. a3 Nd7 10. h3 f6 11. exf6 exf6 12. Be2 Nh6 13. O-O O-O 14. Nb3 Rfe8 15.
Be3 Nf7 16. Rfe1 Nd6 17. Bf4 Bf8 18. Bf1 Rxe1 19. Rxe1 Nc4 20. Bxc4 bxc4 21.
Nbd2 g5 22. Bc7 Kf7 23. g4 Bd3 24. Nf1 Rc8 25. Bg3 Nb6 26. Ne3 Na4 27. h4 h6
28. hxg5 hxg5 29. Kg2 Nxb2 30. Rh1 Be4 31. Nf5 Bxf5 32. gxf5 Na4 33. Rh7+ Bg7
34. Nxg5+ fxg5 35. Be5 Rg8 36. f6 Kg6 37. Rxg7+ Rxg7 38. fxg7 Kf7 39. Kg3 Nxc3
40. Kg4 Ne4 41. f3 Nd2 42. g8=Q+ Kxg8 43. Bf6 Nb3 44. Kf5 Kf7 0-1

[Event "Mittelfrankenliga 05/06 (B1)"]
[Site "Mfr.2005/06-R4"]
[Date "2006.01.15"]
[Round "4.8"]
[White "Holl, Manfred"]
[Black "Woydig, Sieghard"]
[Result "1/2-1/2"]
[WhiteElo "1931"]
[BlackElo "1735"]
[Annotator "SW Nbg.2-Herzogenaurach1"]
[PlyCount "53"]
[EventDate "2006.01.15"]
[SourceDate "2005.10.17"]

1. e4 e5 2. Nf3 Nc6 3. Bb5 a6 4. Ba4 Nf6 5. O-O Be7 6. Re1 b5 7. Bb3 Bb7 8. c3
d5 9. d3 dxe4 10. dxe4 Na5 11. Bc2 Qxd1 12. Rxd1 Bxe4 13. Bxe4 Nxe4 14. Re1 f5
15. Nxe5 Bc5 16. Nd3 Bb6 17. Be3 Bxe3 18. Rxe3 O-O-O 19. Na3 Rd6 20. f3 Nf6 21.
Nc5 Rhd8 22. Rae1 Nb7 23. Ne6 R8d7 24. Nd4 g6 25. Kf2 c5 26. Ndc2 Rd2+ 27. R3e2
1/2-1/2

[Event "Mittelfrankenliga 05/06 (B1)"]
[Site "Mfr.2005/06-R4"]
[Date "2006.01.15"]
[Round "4.1"]
[White "Schneider, David[90]"]
[Black "Trefny, Vlastimil"]
[Result "0-1"]
[WhiteElo "2192"]
[BlackElo "2201"]
[Annotator "SG/TB Erlangen1-Großenseebach1"]
[PlyCount "106"]
[EventDate "2006.01.15"]
[SourceDate "2005.10.17"]

1. e4 c5 2. Nf3 d6 3. c3 Nf6 4. Be2 Nc6 5. d4 cxd4 6. cxd4 Nxe4 7. d5 Qa5+ 8.
Nc3 Nxc3 9. bxc3 Ne5 10. O-O Nxf3+ 11. Bxf3 g6 12. Qd4 f6 13. Re1 Kf7 14. Bd2
Bg7 15. Re2 Qc7 16. Qh4 Bf5 17. Rae1 Rae8 18. Be4 Qc4 19. Bh6 Bxh6 20. Qxh6
Bxe4 21. Rxe4 Qxd5 22. Re6 Qxe6 23. Rxe6 Kxe6 24. Qe3+ Kf7 25. Qxa7 b5 26. h4
Rc8 27. Qb7 Rc5 28. g3 h5 29. Kg2 g5 30. hxg5 Rxg5 31. Qe4 h4 32. c4 hxg3 33.
fxg3 bxc4 34. Qxc4+ d5 35. Qc6 Rb8 36. a4 Rb2+ 37. Kf1 Rh5 38. Kg1 Re5 39. Kf1
Ra2 40. Qb5 Kg7 41. Qd7 Kg6 42. Qb5 Kg7 43. Qd7 Re4 44. Qxd5 Raxa4 45. Kf2 Re5
46. Qd7 Ra2+ 47. Kf3 Ra3+ 48. Kf2 Kf7 49. Qc8 Ree3 50. Qc4+ e6 51. g4 Rec3 52.
Qe2 Rf3+ 53. Kg2 Rg3+ 0-1

[Event "Mittelfrankenliga 05/06 (B1)"]
[Site "Mfr.2005/06-R4"]
[Date "2006.01.15"]
[Round "4.2"]
[White "Goetz, Andreas[66]"]
[Black "Suess, Stefan[87]"]
[Result "1-0"]
[WhiteElo "2101"]
[BlackElo "1871"]
[Annotator "SG/TB Erlangen1-Großenseebach1"]
[PlyCount "71"]
[EventDate "2006.01.15"]
[SourceDate "2005.10.17"]

1. Nf3 Nf6 2. c4 g6 3. b3 Bg7 4. Bb2 O-O 5. e3 c5 6. Be2 Nc6 7. O-O d6 8. d3 e5
9. Nc3 Bf5 10. Rc1 Qe8 11. Ne1 Rd8 12. Bf3 e4 13. dxe4 Nxe4 14. Ba1 Nxc3 15.
Bxc3 Be4 16. Qe2 d5 17. Bxg7 Kxg7 18. cxd5 Rxd5 19. Qc4 Bxf3 20. Nxf3 Qe6 21.
e4 Rh5 22. Qxe6 fxe6 23. Rfd1 Rf7 24. g4 Rh6 25. Kg2 b6 26. Rd6 Rxf3 27. Kxf3
Nd4+ 28. Kg2 g5 29. Rd7+ Kf6 30. Re1 Ke5 31. Rxa7 Nc2 32. Re2 Nd4 33. Re3 Kf4
34. Rh3 Rf6 35. Rhxh7 Kxe4 36. Rhf7 1-0

[Event "Mittelfrankenliga 05/06 (B1)"]
[Site "Mfr.2005/06-R4"]
[Date "2006.01.15"]
[Round "4.3"]
[White "Seyb, Dieter"]
[Black "Liepold, Stefan"]
[Result "1/2-1/2"]
[WhiteElo "2219"]
[BlackElo "2187"]
[Annotator "SG/TB Erlangen1-Großenseebach1"]
[PlyCount "50"]
[EventDate "2006.01.15"]
[SourceDate "2005.10.17"]

1. d4 Nf6 2. c4 g6 3. Nc3 d5 4. Nf3 Bg7 5. Bg5 Ne4 6. cxd5 Nxg5 7. Nxg5 e6 8.
Qa4+ Bd7 9. Qb3 Qxg5 10. Qxb7 O-O 11. h4 Qe7 12. Qxa8 Qb4 13. O-O-O Bxd4 14. a3
Qb6 15. Rxd4 Qxd4 16. Qb7 Qxf2 17. h5 gxh5 18. e4 exd5 19. Qxd5 Bg4 20. Qg5+
Kh8 21. Bd3 Nd7 22. e5 Qd4 23. Bxh7 Kxh7 24. Rxh5+ Bxh5 25. Qxh5+ Kg7 1/2-1/2

[Event "Mittelfrankenliga 05/06 (B1)"]
[Site "Mfr.2005/06-R4"]
[Date "2006.01.15"]
[Round "4.4"]
[White "Martin Fernandez, Rodrigo"]
[Black "Borel, Markus"]
[Result "1-0"]
[WhiteElo "2057"]
[BlackElo "1899"]
[Annotator "SG/TB Erlangen1-Großenseebach1"]
[PlyCount "79"]
[EventDate "2006.01.15"]
[SourceDate "2005.10.17"]

1. d4 g6 2. c4 Bg7 3. Nc3 d6 4. Nf3 Nc6 5. e3 e5 6. Be2 f5 7. O-O Nf6 8. Rb1
O-O 9. d5 Nb8 10. b4 h6 11. Qb3 g5 12. c5 Kh8 13. cxd6 cxd6 14. Bb2 Rg8 15.
Rbc1 Bf8 16. Nb5 Na6 17. Rc2 f4 18. Nxe5 dxe5 19. Bxe5 Bg7 20. Nd6 Qe7 21. exf4
gxf4 22. Bxf4 Rd8 23. Rfc1 Bg4 24. Bxa6 bxa6 25. Rc7 Nd7 26. Qg3 Bh5 27. Qh3
Bg6 28. Nf5 Bxf5 29. Qxf5 Kg8 30. d6 Qf7 31. Qg4 Nf6 32. Qg3 Rd7 33. Rxd7 Qxd7
34. Rc7 Re8 35. h3 Nh5 36. Rxd7 Nxg3 37. Bxg3 Re1+ 38. Kh2 Re2 39. Rxa7 Rxa2
40. d7 1-0

[Event "Mittelfrankenliga 05/06 (B1)"]
[Site "Mfr.2005/06-R4"]
[Date "2006.01.15"]
[Round "4.5"]
[White "Seyb, Alexander"]
[Black "Petzold, Vinzenz"]
[Result "1-0"]
[WhiteElo "2068"]
[BlackElo "2068"]
[Annotator "SG/TB Erlangen1-Großenseebach1"]
[PlyCount "63"]
[EventDate "2006.01.15"]
[SourceDate "2005.10.17"]

1. e4 c5 2. Nc3 d6 3. Nge2 Nf6 4. d4 cxd4 5. Nxd4 a6 6. Be3 e5 7. Nb3 Be6 8. f3
Be7 9. Qd2 O-O 10. O-O-O Nbd7 11. g4 Qc7 12. Kb1 b5 13. g5 Nh5 14. Rg1 Rab8 15.
Nd5 Bxd5 16. exd5 Nb6 17. Qa5 Rfc8 18. c3 Bd8 19. Qxa6 Nc4 20. Bxc4 bxc4 21.
Nd2 Qd7 22. Ne4 Be7 23. Bc1 Ra8 24. Qb6 Qa4 25. a3 Rab8 26. Qe3 Qxa3 27. Rg4
Nf4 28. Nf6+ Kh8 29. Rxf4 exf4 30. Qxe7 Rf8 31. Qxf8+ Rxf8 32. bxa3 1-0

[Event "Mittelfrankenliga 05/06 (B1)"]
[Site "Mfr.2005/06-R4"]
[Date "2006.01.15"]
[Round "4.6"]
[White "Walter, Thomas[78]"]
[Black "Linsenmeyer, Mario"]
[Result "1/2-1/2"]
[WhiteElo "2019"]
[BlackElo "1929"]
[Annotator "SG/TB Erlangen1-Großenseebach1"]
[PlyCount "120"]
[EventDate "2006.01.15"]
[SourceDate "2005.10.17"]

1. e4 c5 2. Nf3 d6 3. b3 Nc6 4. Bb2 Nf6 5. e5 Nxe5 6. Nxe5 dxe5 7. Bb5+ Bd7 8.
Qe2 a6 9. Bd3 e4 10. Bxe4 Nxe4 11. Qxe4 Bc6 12. Qe5 Bxg2 13. Rg1 Qd5 14. Qxd5
Bxd5 15. Rg5 e6 16. Bxg7 Bxg7 17. Rxg7 Be4 18. Rg5 Rc8 19. d3 Bg6 20. Nd2 Ke7
21. a4 Rhd8 22. O-O-O b5 23. axb5 axb5 24. Kb2 c4 25. bxc4 bxc4 26. dxc4 Rxc4
27. Nxc4 Rxd1 28. Ne5 Kf6 29. h4 Rh1 30. Nxg6 hxg6 31. Rg4 Kf5 32. Rd4 Rh2 33.
f3 Rh3 34. Rd3 Rxh4 35. Kb3 Rh8 36. c4 e5 37. c5 g5 38. Kc4 g4 39. fxg4+ Kxg4
40. c6 f5 41. Rd7 e4 42. c7 Rc8 43. Kd4 Kf3 44. Rh7 f4 45. Rh3+ Kg4 46. Rh7 e3
47. Kd3 Kf3 48. Rh3+ Kg2 49. Rh7 Re8 50. Re7 Rc8 51. Ke2 Rg8 52. Rg7+ Rxg7 53.
c8=Q f3+ 54. Kxe3 f2 55. Qf8 f1=Q 56. Qxg7+ Kh2 57. Qe5+ Kg2 58. Qg5+ Kh2 59.
Qh4+ Qh3+ 60. Qxh3+ Kxh3 1/2-1/2

[Event "Mittelfrankenliga 05/06 (B1)"]
[Site "Mfr.2005/06-R4"]
[Date "2006.01.15"]
[Round "4.7"]
[White "Rosin, Ralf"]
[Black "Weiss, Michael[81]"]
[Result "1-0"]
[WhiteElo "1961"]
[BlackElo "1957"]
[Annotator "SG/TB Erlangen1-Großenseebach1"]
[PlyCount "97"]
[EventDate "2006.01.15"]
[SourceDate "2005.10.17"]

1. d4 d5 2. Nf3 Nf6 3. e3 e6 4. Bd3 b6 5. b3 Bb7 6. Bb2 Be7 7. Nbd2 Nbd7 8. O-O
O-O 9. Ne5 Ne4 10. f3 Nxe5 11. dxe5 Nxd2 12. Qxd2 c5 13. Rad1 Qc7 14. c4 Rad8
15. Qc2 g6 16. Rf2 Rd7 17. Rfd2 d4 18. exd4 Bg5 19. Re2 cxd4 20. Ba3 Rc8 21.
Bd6 Qd8 22. Be4 Bxe4 23. Qxe4 Be3+ 24. Kh1 f5 25. Qd3 Qg5 26. b4 h5 27. c5 Qd8
28. Qc4 Kf7 29. Qb5 f4 30. g3 fxg3 31. hxg3 bxc5 32. bxc5 Kg7 33. Kg2 Rf7 34.
Qc4 Qe8 35. Qa6 Kg8 36. Rf1 Rc6 37. Qa4 Qa8 38. Rb2 Rc8 39. Qa6 Kh7 40. Qc4 Re8
41. c6 Ref8 42. Bxf8 Qxf8 43. Qxe6 Kh6 44. Rb7 Rxb7 45. cxb7 Qb4 46. Qb3 Qd2+
47. Kh3 Qe2 48. Qd1 Qb5 49. Qb1 1-0

[Event "Mittelfrankenliga 05/06 (B1)"]
[Site "Mfr.2005/06-R4"]
[Date "2006.01.15"]
[Round "4.8"]
[White "Salzwedel, Wolfgang"]
[Black "Hofmann, Benjamin[90]"]
[Result "1/2-1/2"]
[WhiteElo "1977"]
[BlackElo "1877"]
[Annotator "SG/TB Erlangen1-Großenseebach1"]
[PlyCount "140"]
[EventDate "2006.01.15"]
[SourceDate "2005.10.17"]

1. e4 c6 2. d4 d5 3. e5 Bf5 4. c3 e6 5. Bd3 Bxd3 6. Qxd3 Nd7 7. Ne2 c5 8. b3
Ne7 9. O-O Nc6 10. a3 Qb6 11. b4 cxd4 12. cxd4 Be7 13. Be3 O-O 14. Nd2 Rac8 15.
f4 f5 16. Nb3 Ncb8 17. Nc5 Nxc5 18. dxc5 Qc7 19. Nd4 Qd7 20. Nb5 Nc6 21. Nd6
Bxd6 22. exd6 b6 23. cxb6 d4 24. Bd2 axb6 25. b5 Na5 26. Bb4 Rfd8 27. Rab1 Nc4
28. Qxd4 Qxb5 29. Rfc1 Qd5 30. Qxd5 exd5 31. Rd1 Nxd6 32. Rxd5 Nc4 33. Rxf5 Rd4
34. g3 Re8 35. Rb5 Re2 36. Rf5 Re8 37. Kf2 Rde4 38. Rb5 Re2+ 39. Kg1 R2e3 40.
Rc1 Nxa3 41. Rxb6 Rb3 42. Bc5 Rxb6 43. Bxb6 Nb5 44. Kf2 Nd6 45. Kf3 Rb8 46. Bd4
Rb7 47. Be5 Ne8 48. Rc8 Kf7 49. Kg4 Nf6+ 50. Bxf6 Kxf6 51. Rc6+ Kf7 52. h4 Rb5
53. h5 h6 54. Kh4 Rb4 55. Kg4 Rb5 56. Rc4 Kf6 57. Kh4 Rb1 58. g4 Rg1 59. Rc6+
Kf7 60. g5 hxg5+ 61. fxg5 Kg8 62. Rc7 Kf8 63. g6 Rg2 64. Rf7+ Kg8 65. Ra7 Kf8
66. Ra8+ Ke7 67. Rg8 Rg1 68. Rxg7+ Kf8 69. Ra7 Kg8 70. Ra3 Kg7 1/2-1/2

[Event "Mittelfrankenliga 05/06 (B1)"]
[Site "Mfr.2005/06-R4"]
[Date "2006.01.15"]
[Round "4.1"]
[White "Basting, Steffen"]
[Black "Kroneder, Christian"]
[Result "1/2-1/2"]
[WhiteElo "1973"]
[BlackElo "2077"]
[Annotator "Schwanstetten1-SF Fürth1"]
[PlyCount "76"]
[EventDate "2006.01.15"]
[SourceDate "2005.10.17"]

1. Nf3 Nf6 2. g3 b6 3. Bg2 Bb7 4. O-O e6 5. c4 Be7 6. b3 O-O 7. Bb2 c5 8. e3 d5
9. Ne5 Nbd7 10. f4 Qc7 11. Qe2 Rad8 12. Na3 a6 13. d3 d4 14. Nxd7 Rxd7 15. e4
Rdd8 16. Bc1 Ne8 17. e5 Bxg2 18. Qxg2 f6 19. Bd2 fxe5 20. fxe5 Qxe5 21. Bf4
Rxf4 22. Rxf4 Qe3+ 23. Kh1 Qxd3 24. Qc6 Qg6 25. Re1 e5 26. Qxg6 hxg6 27. Rff1
Bf6 28. Nb1 Nd6 29. Nd2 Rf8 30. Ne4 Nf5 31. Rf2 Be7 32. g4 Ne3 33. Rxf8+ Kxf8
34. h3 Kf7 35. Kh2 Ke6 36. Re2 b5 37. Rxe3 dxe3 38. Kg3 bxc4 1/2-1/2

[Event "Mittelfrankenliga 05/06 (B1)"]
[Site "Mfr.2005/06-R4"]
[Date "2006.01.15"]
[Round "4.2"]
[White "Wittmann, Karl"]
[Black "Kociurzynski, Andre"]
[Result "1/2-1/2"]
[WhiteElo "2056"]
[BlackElo "1967"]
[Annotator "Schwanstetten1-SF Fürth1"]
[PlyCount "65"]
[EventDate "2006.01.15"]
[SourceDate "2005.10.17"]

1. e4 d6 2. d4 g6 3. Nf3 Bg7 4. h3 Nf6 5. Nc3 O-O 6. Be3 c6 7. a4 Qc7 8. Qd2
Na6 9. Be2 Rb8 10. O-O Bd7 11. Nh4 c5 12. f4 cxd4 13. Bxd4 e5 14. fxe5 dxe5 15.
Bxa7 Ra8 16. Qe3 Bc6 17. Bb6 Qc8 18. Rf2 Nd7 19. Bc4 Nxb6 20. Qxb6 Nc7 21. Raf1
Ne6 22. Bxe6 Qxe6 23. b3 Qe7 24. Nf3 Bh6 25. Re2 Rfd8 26. Nb5 Ra6 27. Qc7 Qxc7
28. Nxc7 Ra5 29. b4 Rxa4 30. Nxe5 Bg7 31. Nxc6 bxc6 32. b5 Rd7 33. Ne8 1/2-1/2

[Event "Mittelfrankenliga 05/06 (B1)"]
[Site "Mfr.2005/06-R4"]
[Date "2006.01.15"]
[Round "4.3"]
[White "Kirbach, Thomas"]
[Black "Manthey, Frank"]
[Result "1/2-1/2"]
[WhiteElo "1936"]
[BlackElo "2018"]
[Annotator "Schwanstetten1-SF Fürth1"]
[PlyCount "59"]
[EventDate "2006.01.15"]
[SourceDate "2005.10.17"]

1. d4 d5 2. Nf3 Nf6 3. c4 e6 4. Nc3 Be7 5. Bg5 O-O 6. e3 h6 7. Bxf6 Bxf6 8. Bd3
dxc4 9. Bxc4 c5 10. O-O Nc6 11. dxc5 Bxc3 12. bxc3 Qa5 13. Qe2 Qxc5 14. Rfd1
Na5 15. Bd3 e5 16. Rab1 Be6 17. Rb5 Qxc3 18. Qd2 Qxd2 19. Rxd2 b6 20. Rxe5 Rac8
21. h3 Rc1+ 22. Kh2 Ra1 23. Nd4 Bxa2 24. Re7 Bc4 25. Rxa7 Bxd3 26. Rxd3 Rc1 27.
Nf5 Rc5 28. Nd4 Rc1 29. Nf5 Rc5 30. Nd4 1/2-1/2

[Event "Mittelfrankenliga 05/06 (B1)"]
[Site "Mfr.2005/06-R4"]
[Date "2006.01.15"]
[Round "4.4"]
[White "Kotissek, Philipp"]
[Black "Schoeller, Wolfgang"]
[Result "1/2-1/2"]
[WhiteElo "2048"]
[BlackElo "2003"]
[Annotator "Schwanstetten1-SF Fürth1"]
[PlyCount "39"]
[EventDate "2006.01.15"]
[SourceDate "2005.10.17"]

1. c4 Nf6 2. g3 d5 3. cxd5 Nxd5 4. Bg2 e5 5. Nc3 Be6 6. Nf3 Nc6 7. O-O Be7 8.
d4 exd4 9. Nb5 Bf6 10. Nfxd4 Nxd4 11. Nxd4 Bxd4 12. Qxd4 O-O 13. b3 c6 14. Bb2
f6 15. Rfd1 Qb6 16. e4 Qxd4 17. Rxd4 Nc7 18. Rad1 a5 19. Bf1 Nb5 20. Bxb5
1/2-1/2

[Event "Mittelfrankenliga 05/06 (B1)"]
[Site "Mfr.2005/06-R4"]
[Date "2006.01.15"]
[Round "4.5"]
[White "Koschka, Guenther"]
[Black "Arlt, Michael"]
[Result "1-0"]
[WhiteElo "1938"]
[BlackElo "1944"]
[Annotator "Schwanstetten1-SF Fürth1"]
[PlyCount "49"]
[EventDate "2006.01.15"]
[SourceDate "2005.10.17"]

1. e4 d5 2. exd5 Qxd5 3. Nc3 Qa5 4. d4 Nf6 5. Bd2 c6 6. Nf3 Bg4 7. h3 Bh5 8.
Be2 Nbd7 9. O-O e6 10. Ne4 Qc7 11. Nxf6+ Nxf6 12. Ne5 Bxe2 13. Qxe2 Be7 14.
Rfe1 O-O 15. a4 Rfd8 16. c3 c5 17. dxc5 Bxc5 18. Bg5 Be7 19. a5 a6 20. Ra4 Re8
21. Qf3 Rad8 22. Rf4 Rd5 23. Bxf6 Bxf6 24. Rxf6 gxf6 25. Qg3+ 1-0

[Event "Mittelfrankenliga 05/06 (B1)"]
[Site "Mfr.2005/06-R4"]
[Date "2006.01.15"]
[Round "4.6"]
[White "Cipra, Lothar"]
[Black "Thiele, Heinz[56]"]
[Result "1-0"]
[WhiteElo "1908"]
[BlackElo "1994"]
[Annotator "Schwanstetten1-SF Fürth1"]
[PlyCount "121"]
[EventDate "2006.01.15"]
[SourceDate "2005.10.17"]

1. d4 g6 2. c4 Bg7 3. e4 d6 4. Nc3 Nc6 5. Be3 e5 6. d5 Nce7 7. g4 f5 8. gxf5
gxf5 9. Qh5+ Kf8 10. Bh3 Nf6 11. Qf3 f4 12. Bd2 a6 13. O-O-O Ng6 14. Qg2 Bh6
15. Nf3 Rg8 16. Qf1 b5 17. Bxc8 Qxc8 18. cxb5 axb5 19. Qxb5 Rb8 20. Qc4 Qb7 21.
b3 Rg7 22. Rhg1 Nd7 23. h4 Qa7 24. h5 Ne7 25. Rxg7 Kxg7 26. Qa4 Qxa4 27. Nxa4
Nf6 28. Nc3 Nxh5 29. Kb2 Nf6 30. a4 Kf7 31. Rh1 Kg6 32. Rg1+ Kf7 33. Rh1 Kg6
34. Bc1 Bg5 35. Rg1 h6 36. Nd2 Kf7 37. Nb5 Rb7 38. f3 Nd7 39. Nc4 Nc5 40. Ka3
Nc8 41. b4 Na6 42. Bd2 Ke8 43. Be1 Kd7 44. Bf2 Rb8 45. Rc1 Bd8 46. Na5 Ne7 47.
Nc6 Nxc6 48. Rxc6 Ra8 49. Na7 Nb8 50. Rc1 Bh4 51. Bg1 Bg3 52. b5 h5 53. a5 h4
54. b6 cxb6 55. axb6 Na6 56. Ka4 h3 57. Kb5 Nc5 58. Bxc5 dxc5 59. Rxc5 Rh8 60.
Rc7+ Kd6 61. Nc8+ 1-0

[Event "Mittelfrankenliga 05/06 (B1)"]
[Site "Mfr.2005/06-R4"]
[Date "2006.01.15"]
[Round "4.7"]
[White "Dittmar, Thomas"]
[Black "Vogt, Peter[62]"]
[Result "1/2-1/2"]
[WhiteElo "1903"]
[BlackElo "1870"]
[Annotator "Schwanstetten1-SF Fürth1"]
[PlyCount "64"]
[EventDate "2006.01.15"]
[SourceDate "2005.10.17"]

1. Nc3 c5 2. Nf3 Nc6 3. d4 cxd4 4. Nxd4 e5 5. Ndb5 Nf6 6. Bg5 Bb4 7. Nd6+ Ke7
8. Bxf6+ gxf6 9. Nf5+ Kf8 10. Qd2 Bxc3 11. bxc3 d5 12. Qh6+ Ke8 13. Ng7+ Ke7
14. Nh5 Qd6 15. e4 Bg4 16. Bd3 Rag8 17. Ng3 d4 18. h3 Be6 19. cxd4 Qxd4 20. Rb1
b6 21. Qd2 Rg5 22. c3 Qd6 23. Bb5 Qxd2+ 24. Kxd2 Na5 25. a4 Rd8+ 26. Kc2 Nb7
27. Rhd1 Nc5 28. Rxd8 Kxd8 29. Kd2 Rg8 30. Ke3 a6 31. Bf1 Kc7 32. Ra1 Kb7
1/2-1/2

[Event "Mittelfrankenliga 05/06 (B1)"]
[Site "Mfr.2005/06-R4"]
[Date "2006.01.15"]
[Round "4.8"]
[White "Kotissek, Ulrich"]
[Black "Bruckner, Paul"]
[Result "1-0"]
[WhiteElo "1884"]
[BlackElo "1530"]
[Annotator "Schwanstetten1-SF Fürth1"]
[PlyCount "129"]
[EventDate "2006.01.15"]
[SourceDate "2005.10.17"]

1. d4 Nf6 2. Nf3 d6 3. g3 g6 4. Bg2 Bg7 5. O-O O-O 6. Bf4 c6 7. c4 Nbd7 8. Nc3
Nb6 9. b3 Nh5 10. Bc1 f5 11. Ba3 f4 12. Rc1 Bh6 13. Ra1 Bg7 14. e4 Bg4 15. Qe1
Bxf3 16. Bxf3 Bxd4 17. g4 Ng7 18. Rd1 Be5 19. c5 Nc8 20. Ne2 Ne6 21. h4 Qc7 22.
Qb4 Kh8 23. Qc4 Ng7 24. Nd4 Qd7 25. Kh1 Bf6 26. Kh2 Bxh4 27. Ne2 Bf6 28. Kg2
Qe6 29. Qb4 b6 30. cxd6 Nxd6 31. Nxf4 Qe5 32. Nd3 Qe6 33. e5 Bxe5 34. Rfe1 c5
35. Qd2 Rxf3 36. Nxe5 Rf6 37. Nxg6+ Rxg6 38. Rxe6 Rxe6 39. Bb2 Rg8 40. f3 Nf7
41. Re1 Rd6 42. Qc2 Rgd8 43. Bxg7+ Kxg7 44. Re2 e5 45. Kg3 Rd5 46. Qf5 h6 47.
Rh2 R5d6 48. Kh4 Rf6 49. Qe4 Ng5 50. Qc2 Nxf3+ 51. Kg3 Nxh2 52. Kxh2 Re6 53.
Kg3 e4 54. Qb2+ Rd4 55. b4 e3 56. bxc5 bxc5 57. Qb7+ Kg6 58. Qf3 e2 59. Qf5+
Kg7 60. Qxe6 Rd2 61. Kf2 Rc2 62. Qd7+ Kh8 63. Qd8+ Kg7 64. Qe7+ Kh8 65. Qf8+
1-0

[Event "Mittelfrankenliga 05/06 (B1)"]
[Site "Mfr.2005/06-R4"]
[Date "2006.01.15"]
[Round "4.1"]
[White "Hoermann, Gunther"]
[Black "Adler, Herbert"]
[Result "1-0"]
[WhiteElo "2131"]
[BlackElo "2009"]
[Annotator "Büchenbach/Rh.1-Cadolzburg1"]
[PlyCount "95"]
[EventDate "2006.01.15"]
[SourceDate "2005.10.17"]

1. d4 Nf6 2. Nf3 g6 3. Nbd2 d5 4. e3 Bg7 5. b4 O-O 6. Bd3 Re8 7. O-O Nbd7 8. c4
c6 9. Bb2 Nb6 10. a4 Bf5 11. Qc2 Bxd3 12. Qxd3 Nxc4 13. Nxc4 dxc4 14. Qxc4 Qd5
15. Rac1 Qxc4 16. Rxc4 Nd5 17. b5 cxb5 18. Rc5 e6 19. Rxb5 Re7 20. Rc1 Rd7 21.
e4 Nf4 22. Rc4 Rad8 23. Kf1 Bf6 24. h4 b6 25. g4 h6 26. Bc1 g5 27. hxg5 hxg5
28. Be3 Rb7 29. a5 Rdb8 30. Nxg5 Bxg5 31. Rxg5+ Ng6 32. a6 Rd7 33. f4 Kf8 34.
f5 exf5 35. gxf5 Ne7 36. Bf4 Rc8 37. Rxc8+ Nxc8 38. d5 f6 39. Rh5 Kg8 40. Rh2
Nd6 41. Bxd6 Rxd6 42. Rc2 Kg7 43. Rc7+ Kh6 44. Rxa7 b5 45. Ke2 b4 46. Kd3 b3
47. Kc3 Rb6 48. Kb2 1-0

[Event "Mittelfrankenliga 05/06 (B1)"]
[Site "Mfr.2005/06-R4"]
[Date "2006.01.15"]
[Round "4.2"]
[White "Haeckler, Daniel"]
[Black "Rausch, Wolfgang"]
[Result "0-1"]
[WhiteElo "2054"]
[BlackElo "2071"]
[Annotator "Büchenbach/Rh.1-Cadolzburg1"]
[PlyCount "60"]
[EventDate "2006.01.15"]
[SourceDate "2005.10.17"]

1. e4 c6 2. Nc3 d5 3. Nf3 dxe4 4. Nxe4 Nf6 5. Ng3 h5 6. Bc4 Qa5 7. b4 Qxb4 8.
Ne5 e6 9. Qe2 h4 10. Nf5 Rh5 11. Bd3 Rxf5 12. Bxf5 exf5 13. c4 Be6 14. O-O Nbd7
15. d3 Nxe5 16. Qxe5 Ng4 17. Qe2 Qd6 18. g3 hxg3 19. hxg3 Qe5 20. Qc2 Qxa1 21.
Bb2 Qxa2 22. Ra1 Qxa1+ 23. Bxa1 O-O-O 24. d4 Kb8 25. Qe2 Nf6 26. Qe5+ Bd6 27.
Qa5 Bc7 28. Qc5 Ne4 29. Qb4 g5 30. Kg2 g4 0-1

[Event "Mittelfrankenliga 05/06 (B1)"]
[Site "Mfr.2005/06-R4"]
[Date "2006.01.15"]
[Round "4.3"]
[White "Strobel, Norbert"]
[Black "Kirch, Dietmar"]
[Result "1/2-1/2"]
[WhiteElo "1998"]
[BlackElo "2035"]
[Annotator "Büchenbach/Rh.1-Cadolzburg1"]
[PlyCount "90"]
[EventDate "2006.01.15"]
[SourceDate "2005.10.17"]

1. d4 d5 2. Nf3 Nf6 3. c4 e6 4. Nc3 Be7 5. Bg5 O-O 6. e3 Nbd7 7. Bd3 dxc4 8.
Bxc4 c5 9. O-O a6 10. a4 cxd4 11. Nxd4 Ne5 12. Be2 Bd7 13. Qb3 Qc7 14. Rac1 Nc6
15. Bf3 Nxd4 16. exd4 Bc6 17. Bxf6 Bxf6 18. d5 exd5 19. Nxd5 Bxd5 20. Bxd5 Qd7
21. Rfd1 Rab8 22. Bf3 Qe7 23. Qb6 Qe5 24. b3 Rfe8 25. g3 Bd8 26. Qd6 b6 27. Qd7
Qe7 28. Qc6 Rf8 29. Rd7 Qf6 30. Qd5 Qg5 31. Qxg5 Bxg5 32. Rcc7 Rbd8 33. Bd5
Rxd7 34. Rxd7 g6 35. f4 Bf6 36. Kf2 a5 37. Kf3 Kg7 38. g4 h6 39. h3 Kg8 40. Rd6
Bd8 41. Rxg6+ Kh7 42. Rd6 Kg7 43. Ke4 Bh4 44. Kf5 Rd8 45. Rxd8 Bxd8 1/2-1/2

[Event "Mittelfrankenliga 05/06 (B1)"]
[Site "Mfr.2005/06-R4"]
[Date "2006.01.15"]
[Round "4.4"]
[White "Braun, Robert[74]"]
[Black "Metzenroth, Dieter"]
[Result "0-1"]
[WhiteElo "1960"]
[BlackElo "1855"]
[Annotator "Büchenbach/Rh.1-Cadolzburg1"]
[PlyCount "31"]
[EventDate "2006.01.15"]
[SourceDate "2005.10.17"]

1. e4 c5 2. Nf3 d6 3. d4 cxd4 4. Nxd4 Nf6 5. Nc3 g6 6. Be3 Bg7 7. f3 O-O 8. Qd2
Nc6 9. h4 d5 10. exd5 Nxd5 11. Nxd5 Qxd5 12. Nxc6 Qxc6 13. O-O-O Be6 14. Bd4
Rfd8 15. Qb4 a5 16. Qc3 0-1

[Event "Mittelfrankenliga 05/06 (B1)"]
[Site "Mfr.2005/06-R4"]
[Date "2006.01.15"]
[Round "4.5"]
[White "Truempelmann, Jochen"]
[Black "Schoenberger, Andreas"]
[Result "0-1"]
[WhiteElo "1965"]
[BlackElo "1947"]
[Annotator "Büchenbach/Rh.1-Cadolzburg1"]
[PlyCount "64"]
[EventDate "2006.01.15"]
[SourceDate "2005.10.17"]

1. e4 c5 2. d4 cxd4 3. c3 dxc3 4. Nxc3 e6 5. Nf3 Bb4 6. Bc4 Ne7 7. O-O O-O 8.
Qb3 Qa5 9. Rd1 Nbc6 10. Bf4 Bxc3 11. bxc3 d5 12. exd5 exd5 13. Bxd5 Nxd5 14.
Rxd5 Qa6 15. Rb5 Be6 16. Qb2 b6 17. Rg5 Qc4 18. Be3 Ne7 19. Nd4 Bd5 20. Rg3
Rac8 21. Bg5 Rfe8 22. Re1 Nf5 23. Rxe8+ Rxe8 24. Be3 Nxg3 25. hxg3 Qxa2 26. Qb5
Rd8 27. Nf5 Be4 28. Ne7+ Kh8 29. Qe5 Qe6 30. Qc7 Re8 31. Nc6 Bxc6 32. Qxa7 Qe4
0-1

[Event "Mittelfrankenliga 05/06 (B1)"]
[Site "Mfr.2005/06-R4"]
[Date "2006.01.15"]
[Round "4.6"]
[White "Ludwig, Michael[70]"]
[Black "Kollitz, Carsten"]
[Result "1/2-1/2"]
[WhiteElo "1822"]
[BlackElo "1708"]
[Annotator "Büchenbach/Rh.1-Cadolzburg1"]
[PlyCount "117"]
[EventDate "2006.01.15"]
[SourceDate "2005.10.17"]

1. e4 e5 2. Nf3 Nc6 3. Bc4 Bc5 4. O-O d6 5. h3 Be6 6. Bb3 Nf6 7. d3 h6 8. Be3
Bb6 9. Nc3 Qd7 10. Bxb6 axb6 11. Bxe6 Qxe6 12. d4 Qc4 13. dxe5 dxe5 14. Qd3
Qxd3 15. cxd3 O-O-O 16. Rad1 Rd6 17. Nh4 g6 18. f4 exf4 19. Nf3 Nh5 20. d4 Rhd8
21. d5 Na5 22. Ne5 Re8 23. Nxf7 Rd7 24. Nxh6 Nc4 25. Rf2 g5 26. Ng4 Rde7 27.
Re1 Ng3 28. b3 Ne5 29. Nxe5 Rxe5 30. Rd2 Kd7 31. h4 gxh4 32. Rf2 Rf8 33. Kh2
Ke7 34. Kh3 Rg5 35. e5 Rff5 36. e6 Rg8 37. Rf3 c6 38. d6+ Kxd6 39. Rd3+ Ke7 40.
Rd7+ Kf6 41. Rxb7 b5 42. e7 Re8 43. Rc7 Rc5 44. Ne4+ Nxe4 45. Rxe4 Kf5 46. Rd4
Rc3+ 47. Kh2 Re3 48. Rxc6 R3xe7 49. Rd5+ Re5 50. Rxe5+ Rxe5 51. Kh3 Kg5 52. Rc8
Re3+ 53. Kh2 Re2 54. Kh3 Re3+ 55. Kh2 Kg4 56. Rg8+ Kf5 57. Rf8+ Kg4 58. Rg8+
Kh5 59. Rh8+ 1/2-1/2